000 00629cam a22001217a 4500
008 180718b2002 xxu||||| |||| 00| 0 eng d
082 _aL243x54 D628
245 _aIncome tax guide for non-residents and Indian nationals abroad: assessment year 2001-2002
_cby Directorate of Income Tax (research, statistics, Publications and Public Relations)
260 _aNew Delhi
_bDirectorate of Income Tax (Research, Statistics, Publications and Public Relations)
_c2002
300 _a121p.
440 _aTax payers information series - 22
700 _aIndia. Directorate of Income Tax (Research, Statistics, Publications and Public Relations)
999 _c486608
_d486608